| 000 | 00422nam a2200145Ia 4500 | ||
|---|---|---|---|
| 008 | 151021s9999 xx 000 0 und d | ||
| 020 | _a996608200 | ||
| 050 | _aB74.B87 2007 | ||
| 245 | _a_ A History of Philosophy for ( Almost ) Everyone | ||
| 260 | _aNairobi Paulines Publication 1991 | ||
| 300 | _a284p. 20cm | ||
| 500 | _aincludes bibiliography | ||
| 650 | _a_philosophy | ||
| 980 | _a^d20110111 03:30:32^okilerai | ||
| 999 |
_c5343 _d5343 |
||